Англо-русский словарь по радиоэлектронике и связи. Дополнение

Bibliografiske detaljer
Andre forfattere: Дозоров Н. И. (составитель)
Sprog:russisk
engelsk
Udgivet: Москва, Атомиздат, 1959
Fag:
Format: MixedMaterials Bog
KOHA link:https://koha.lib.tpu.ru/cgi-bin/koha/opac-detail.pl?biblionumber=317315

MARC

LEADER 00000nam0a2200000 4500
001 317315
005 20231102002949.0
035 |a (RuTPU)RU\TPU\book\342783 
090 |a 317315 
100 |a 20160407d1959 km y0rusy50 ca 
101 0 |a rus  |a eng 
102 |a RU 
105 |a y z 000zy 
200 1 |a Англо-русский словарь по радиоэлектронике и связи. Дополнение  |f сост. Н. И. Дозоров 
210 |a Москва  |c Атомиздат  |d 1959 
215 |a 115 с. 
512 1 |a Дополнение к англо-русскому словарю по радиоэлектронике и связи 
606 1 |a Английский язык  |x Терминологические словари  |2 stltpush  |3 (RuTPU)RU\TPU\subj\29063  |9 52475 
606 1 |a Радиоэлектроника  |2 stltpush  |3 (RuTPU)RU\TPU\subj\69507  |9 84342 
610 1 |a связь 
610 1 |a электроника 
610 1 |a вычислительная техника 
610 1 |a термины 
675 |a 621.37/.39  |v 4 
686 |a Ш143.21-43  |v LBC/SL-A  |2 rubbk 
702 1 |a Дозоров  |b Н. И.  |4 220 
801 1 |a RU  |b 63413507  |c 20160407 
801 2 |a RU  |b 63413507  |c 20171030  |g RCR 
942 |c BK